000 00653nam a2200205Ia 4500
003 GCL
008 140319s9999 xx 000 0 ara d
040 _aGCL /
_cGCL
082 0 4 _aط
_b813.088
_bس ق
100 1 _aسميح الجابى(مراجع)
245 1 0 _aقصص الانبياء /
_cسميح الجابى(مراجع)
700 1 _aعبدالتواب يوسف
260 _a[S.N] :
_bدار الكتاب المصرى
490 _aقصص الانبياء للابناء
_v0
650 0 4 _aالاطفال
650 0 4 _aقصص الاطفال
650 0 4 _aقصص الانبياء
650 0 4 _aالقصص القرآنية
942 _2ddc
_cBK
999 _c57325
_d57325